[Event "FRA-ch U10"]
[Site "Calvi"]
[Date "2005.04.20"]
[Round "5"]
[White "Hermann, Charles"]
[Black "Purenne, Benoit"]
[Result "0-1"]
[WhiteElo "1230"]
[BlackElo "1460"]
[PlyCount "118"]
[EventDate "2005.04.??"]
[EventType "swiss"]
[EventRounds "9"]
[EventCountry "FRA"]
[SourceTitle "EXT 2006"]
[Source "ChessBase"]
[SourceDate "2005.11.24"]
[SourceVersion "1"]
[SourceVersionDate "2005.11.24"]
[SourceQuality "1"]

1. e4 d5 2. exd5 e6 3. dxe6 Bxe6 4. Nf3 Nf6 5. Nc3 Bc5 6. d4 Bb4 7. Bd2 Nc6 8. Bb5 Qd7 9. 0-0 a6 10. Ba4 0-0 11. Bg5 Bxc3 12. bxc3 Ne4 13. Bd2 Bg4 14. Ne5 Nxe5 15. Bxd7 Bxd1 16. dxe5 Bxc2 17. Rfe1 Nxd2 18. Re2 Rad8 19. Rxd2 Ba4 20. e6 Bxd7 21. e7 f6 22. exf8Q+ Kxf8 23. Re1 Kf7 24. f4 Kf8 25. g4 Re8 26. Rxe8+ Kxe8 27. Re2+ Kf7 28. g5 fxg5 29. fxg5 Be6 30. c4 Bxc4 31. Rc2 b5 32. a4 Ke6 33. axb5 axb5 34. Kf2 Kf5 35. h4 Kg4 36. Ke3 Kxh4 37. Kd4 Kxg5 38. Kc5 Bd3 39. Rg2+ Kf6 40. Rf2+ Ke7 41. Rd2 Bc4 42. Rd4 g5 43. Rg4 h6 44. Kb4 Kf6 45. Kc5 h5 46. Rg2 Kf5 47. Kc6 h4 48. Kxc7 h3 49. Rh2 Kg4 50. Kd6 Kg3 51. Rc2 h2 52. Rc3+ Kh4 53. Re3 h1Q 54. Re8 Qd5+ 55. Ke7 Qe6+ 56. Kd8 Qd6+ 57. Kc8 b4 58. Re4+ Kh5 59. Re8 Ba6# 0-1